000 00550nam a22001817a 4500
003 UA-OsUOA
001 13633
007 ta
008 20030611b un ||||| |||| 00| 0 ukr d
100 _aПолюхович І.
942 _cSA
040 _aUA-OsUOA
_cUA-OsUOA
_dUA-OsUOA
245 _aКраплини мертвої роси: [Вірш до Дня Чорнобильської трагедії]
300 _aС.6
955 _a0
773 0 _w0
_tПолісся
_dсмт. Зарічне
_d2003
_g№17/18/25 квіт./
650 7 _aВірші
_2UDC
999 _c299794
_d299794